| 000 | 00456nam a2200169 a 4500 | ||
|---|---|---|---|
| 001 | 000024991 | ||
| 005 | 20200930023508.0 | ||
| 008 | 110208s1988 xxua r 000 0 spa d | ||
| 020 | _a0866609261 | ||
| 040 |
_aDO-SdBNP _bspa _cBNPHU |
||
| 082 |
_axxxxx _bN739h |
||
| 245 | 0 | 0 | _aNo hay amor mas grande. |
| 250 | _a15a reimp. | ||
| 260 |
_aIllinois, Estados Unidos : _bBiblies for the World, _c1988. |
||
| 300 |
_a267 p. : _bil. ; _c19.5 cm. |
||
| 049 | _aBNGR | ||
| 999 |
_c24484 _d24484 |
||